Deutsche Bundesländer - Statistiken

Allgemein
  • Dieses Quiz wurde 91 mal gespielt
  • Das Durchschnittsergebnis liegt bei 15 aus 16
Antwortstatistiken
Bundesländer % Korrekt
Bayern
99%
Berlin
98%
Sachsen
98%
Nordrhein-Westfalen
96%
Mecklenburg-Vorpommern
95%
Baden-Württemberg
94%
Bremen
94%
Hamburg
94%
Niedersachsen
94%
Sachsen-Anhalt
94%
Thüringen
94%
Brandenburg
93%
Saarland
93%
Schleswig-Holstein
92%
Hessen
88%
Rheinland-Pfalz
82%
Keine übereinstimmenden Quizze gefunden
Verteilung der Resultate
Anzahl Personen mit jedem Resultat
Perzentil nach korrekt beantworteten Fragen
Ihre Resultats-Entwicklung
Sie haben dieses Quiz noch nicht gespielt